Investície a privatizácia v stavebníctve

Z obsahu: V stavebníctve, na rozdiel od väčšiny, rastie produktivita práce rýchlejšie ako mzdy. Stavebné spoločnosti - Váhostav, a.s. Žilina, Inžinierske stavby, a.s. Košice, Hutné stavby, a.s. Košice.

Saved in:
Bibliographic Details
Main Author: Grančič, P.
Other Authors: Lukáč, J.
Format: Book Chapter
Language:Slovak
Subjects:
Tags: Add Tag
No Tags, Be the first to tag this record!

MARC

LEADER 00000naa a2200000 4500
001 r026644
005 20230921081309.1
041 0 |a slo 
044 |a SK 
245 1 0 |a Investície a privatizácia v stavebníctve  |c P. Grančič, J. Lukáč 
520 |a Z obsahu: V stavebníctve, na rozdiel od väčšiny, rastie produktivita práce rýchlejšie ako mzdy. Stavebné spoločnosti - Váhostav, a.s. Žilina, Inžinierske stavby, a.s. Košice, Hutné stavby, a.s. Košice. 
610 2 0 |a stavebníctvo 
610 2 0 |a investície 
610 2 0 |a privatizácia 
610 2 0 |a produktivita práce 
610 2 0 |a mzdy 
610 2 0 |a Váhostav, a.s. Žilina 
610 2 0 |a Inžinierske stavby, a.s. Košice 
610 2 0 |a Hutné stavby, a.s. Košice 
100 1 |a Grančič, P. 
700 1 |a Lukáč, J.